000 02635nam a2200277 a 4500
001 SSB064444
003 SISC
005 20170126091429.0
008
020 _a9789814510233
050 _aHD 60
_b.M341 2014
245 0 _aMarket solutions to public needs : mainstreaming poverty alleviation initiatives in ASEAN /
_cedited by Juan Miguel M. Luz and Justin G. Modesto.
260 _aAndover :
_bCengage,
_c2014.
300 _axxiii, 409 pages :
_billustrations, table ;
_c24 cm.
500 _aIncludes bibliographical references and index.
505 _gChapter 1:
_tResponding to the fall-out: the impact of the global economic slowdown on private firms/enterprises, poverty reduction, and development --
_tImpact of NGOs on poverty alleviation in Southeast Asia: the case of microfinance --
_tThe Need for PPP arrangements to make business pro-poor and green --
_tforging partnerships for nation building: the Gawad Kalinga way --
_tWorking with Jatropha smallholders, green energy biomass, J.S.C --
_tLow cost housing for disaster relief, habitat for humanity, and world concern, Myanamar --
_tHabitat for Humanity Cambodia: building houses, improving lives --
_tHuong Hoa tapioca starch factory, Vietnam --
_tA Malaysian multi-party public-private partnership: Nestle's collaboration with MARDI, MOSTI, and Empire rice mills to commerciualize and grow red rice in Sarawak, Malaysia --
_tSCG small scale forestry, Thailand --
_tThe National biodigester programme Cambodia: building capacity for delivery of clean energy to rural households --
_tSompo Japan weather-index insurance, thailand --
_tSumadi, a social entrepreneur and sanitarian: in service for better sanitation in East Java, Indonesia --
_tSunlabob, Laos --
_tSolutions Using Renewable Energy (SURE) Inc. Rural energization project in Kalinga, Philippines --
_tThe World Toilet Organization: using leverage to improve toilets and sanitarian worldwide -- A South-South public-private partnership: twinning Malaysia's ranhill utilities with Philippine's Davao City water distric to transfer technical knowledge in non-revenue water management -- Yamaha motor: clean and affordable drinking water for low income and poor households in Indonesian rural areas.
650 _aSocial entrepreneurship.
650 _aEntrepreneurship
_xSocial aspect.
650 _aSocial innovation and social institutions.
650 _aProject entrepreneurship.
650 _aSustainability.
650 _aNonprofit organizations
_xManagement.
700 _a Luz, Juan Miguel M.
_aed.
700 _aModesto, Justin G.
_aed.
942 _2lcc
_cBK
_kFOR
999 _c288974
_d288974